Colorful Shape Search IV Quiz Stats

Quiz Updated Sep 1, 2016

Challenge
Share
Tweet
Score 0/30 Timer 02:00
1 Play Today
% Correct
64.3%
63.8%
63.6%
63.6%
63.6%
63.6%
63.3%
63.3%
63.2%
63.2%
63.1%
62.7%
62.6%
62.5%
62.3%
% Correct
62.3%
62.2%
62.2%
62.1%
62%
62%
61.7%
61.4%
60.9%
60.9%
60.6%
60.6%
60.5%
60.4%
58.1%

You're not logged in!

Compare scores with friends on all Sporcle quizzes.
Sign Up with Email
OR
Log In

You Might Also Like...

Show Comments

Extras

Top Quizzes Today


Score Distribution

Your Account Isn't Verified!

In order to create a playlist on Sporcle, you need to verify the email address you used during registration. Go to your Sporcle Settings to finish the process.